00298cam a22001097a 4500008004000000082001600040100001700056245006000073260002800133300000900161650001800170180718b1959 xxu||||| |||| 00| 0 eng d aO62x54 So39 aSokhey, S.S. aThe Indian drug industry and its futurecby S.S. Sokhey aDelhibThe Authorc1959 a25p. aDrugs - India